[Event "Eger Agria op 41th"]
[Site "Eger"]
[Date "2017.07.20"]
[Round "6"]
[White "Muranyi, Peter"]
[Black "Balogh, Lajos"]
[Result "1/2-1/2"]
[WhiteElo "1747"]
[BlackElo "1990"]
[PlyCount "149"]
[EventDate "2017.07.17"]
[EventType "swiss"]
[EventRounds "9"]
[EventCountry "HUN"]
[SourceTitle "EXT 2020"]
[Source "ChessBase"]
[SourceDate "2019.10.17"]
[SourceVersion "1"]
[SourceVersionDate "2019.10.17"]
[SourceQuality "1"]

1. d4 Nf6 2. c4 e5 3. e3 Nc6 4. Nf3 Bb4+ 5. Nc3 Bxc3+ 6. bxc3 e4 7. Nd2 0-0 8. Be2 d6 9. 0-0 Re8 10. a4 b6 11. Re1 Ba6 12. Ba3 Bc8 13. f4 Ne7 14. Nf1 g6 15. Ng3 h5 16. Qc2 Bf5 17. Rab1 Kg7 18. Kf2 Ng4+ 19. Bxg4 Bxg4 20. Qd2 h4 21. Ne2 Nf5 22. d5 Bxe2 23. Qxe2 Rh8 24. Rb3 Rh5 25. Reb1 Kh6 26. Bc1 Qf6 27. c5 Rg8 28. cxb6 axb6 29. Rb4 g5 30. Rxe4 g4 31. Kg1 Ng3 32. Qd3 Nxe4 33. Qxe4 g3 34. h3 Re5 35. Qf3 Re7 36. e4 Kg7 37. Bb2 Qg6 38. f5 Qf6 39. c4 Re5 40. Qf4 Rge8 41. Bxe5 Rxe5 42. Re1 Qh6 43. Rf1 Qf6 44. Re1 Kf8 45. Qe3 Ke7 46. a5 bxa5 47. Qa7 Kf8 48. Qxa5 Re7 49. Qd2 Ke8 50. Kh1 Kf8 51. Kg1 Re8 52. Qf4 Ra8 53. Qd2 Ra1 54. Kf1 Ra4 55. Rc1 Ra3 56. Re1 Rb3 57. Rd1 Rb2 58. Qd4 Rf2+ 59. Kg1 Qg5 60. Rb1 Rc2 61. Rf1 Rc1 62. Qd3 Rxf1+ 63. Kxf1 Qf4+ 64. Qf3 Qc1+ 65. Ke2 Qxc4+ 66. Ke3 Qc1+ 67. Ke2 Qg1 68. Qf1 Qd4 69. Qf3 Ke8 70. Qe3 Qb2+ 71. Kf3 Ke7 72. Qe2 Qd4 73. Qe3 Qg7 74. Qf4 Qf6 75. Qe3 1/2-1/2

[Event "Eger Agria op 41th"]
[Site "Eger"]
[Date "2017.07.19"]
[Round "4"]
[White "Juhasz, Bela"]
[Black "Balogh, Lajos"]
[Result "1/2-1/2"]
[WhiteElo "2190"]
[BlackElo "1990"]
[PlyCount "36"]
[EventDate "2017.07.17"]
[EventType "swiss"]
[EventRounds "9"]
[EventCountry "HUN"]
[SourceTitle "EXT 2020"]
[Source "ChessBase"]
[SourceDate "2019.10.17"]
[SourceVersion "1"]
[SourceVersionDate "2019.10.17"]
[SourceQuality "1"]

1. d4 Nf6 2. Nf3 e6 3. c4 b6 4. g3 Bb7 5. Bg2 Bb4+ 6. Bd2 Qe7 7. 0-0 d5 8. Qa4+ Nc6 9. Ne5 Bxd2 10. Nxd2 Qb4 11. Qxb4 Nxb4 12. Rfc1 Rc8 13. a3 Nc6 14. cxd5 Nxd4 15. dxe6 Nxe2+ 16. Kf1 Bxg2+ 17. Kxe2 fxe6 18. f3 0-0 1/2-1/2

[Event "Eger Agria op 41th"]
[Site "Eger"]
[Date "2017.07.18"]
[Round "2"]
[White "Juhasz, Mark"]
[Black "Balogh, Lajos"]
[Result "1-0"]
[WhiteElo "2207"]
[BlackElo "1990"]
[PlyCount "163"]
[EventDate "2017.07.17"]
[EventType "swiss"]
[EventRounds "9"]
[EventCountry "HUN"]
[SourceTitle "EXT 2020"]
[Source "ChessBase"]
[SourceDate "2019.10.17"]
[SourceVersion "1"]
[SourceVersionDate "2019.10.17"]
[SourceQuality "1"]

1. c4 Nf6 2. g3 e5 3. Bg2 c6 4. d4 exd4 5. Qxd4 Be7 6. Nc3 0-0 7. e4 Na6 8. Nge2 Bc5 9. Qd2 Ng4 10. 0-0 Ne5 11. b3 Qf6 12. Nf4 Nc7 13. Bb2 Ne6 14. Na4 d6 15. Kh1 Qh6 16. Nxc5 Ng4 17. h3 dxc5 18. Rad1 Nxf4 19. Qxf4 Qxf4 20. gxf4 Nh6 21. Ba3 Re8 22. Bxc5 f6 23. Rfe1 Nf7 24. Kh2 Nd8 25. Kg3 Be6 26. f5 Bc8 27. Bf3 Nf7 28. Bh5 b6 29. Bd6 c5 30. f4 Bb7 31. e5 Red8 32. Bc7 Rxd1 33. Rxd1 Nh6 34. Bg4 Be4 35. e6 Nxf5+ 36. Bxf5 Bxf5 37. e7 Re8 38. Bd8 Kf7 39. h4 Ke6 40. Kf3 g6 41. Ke3 h6 42. Rg1 Kf7 43. Kd2 Rg8 44. Kc3 h5 45. Rd1 Ke6 46. a4 Be4 47. Bxb6 Kxe7 48. Bxc5+ Ke6 49. Bxa7 g5 50. Re1 Kf5 51. fxg5 fxg5 52. Rf1+ Ke6 53. Kd4 Bg2 54. Re1+ Kd7 55. hxg5 Rxg5 56. Re5 Rg4+ 57. Kc5 h4 58. Rh5 h3 59. Bb8 Bf1 60. Rf5 Bg2 61. Bh2 Rg6 62. a5 Rc6+ 63. Kb5 Re6 64. a6 Bc6+ 65. Kc5 Be4 66. a7 Ra6 67. Rf2 Ke6 68. Bb8 Bg2 69. b4 Rxa7 70. Bxa7 h2 71. Re2+ Kd7 72. Re1 h1Q 73. Rxh1 Bxh1 74. Kb6 Be4 75. Bb8 Bd3 76. c5 Bc2 77. Bf4 Kc8 78. c6 Bd3 79. b5 Be2 80. Kc5 Bf1 81. b6 Ba6 82. Bg3 1-0

[Event "Eger Agria op 40th"]
[Site "Eger"]
[Date "2016.07.21"]
[Round "6"]
[White "Balogh, Lajos"]
[Black "Leszko, Bence"]
[Result "0-1"]
[WhiteElo "1930"]
[BlackElo "2081"]
[PlyCount "54"]
[EventDate "2016.07.18"]
[EventType "swiss"]
[EventRounds "8"]
[EventCountry "HUN"]
[SourceTitle "EXT 2020"]
[Source "ChessBase"]
[SourceDate "2019.10.17"]
[SourceVersion "1"]
[SourceVersionDate "2019.10.17"]
[SourceQuality "1"]

1. Nf3 b6 2. c4 Bb7 3. Nc3 e6 4. g3 f5 5. Bg2 Nf6 6. 0-0 Bb4 7. d3 Bxc3 8. bxc3 0-0 9. Ba3 d6 10. Re1 Qe8 11. Qb3 Nbd7 12. d4 Rb8 13. Rad1 Kh8 14. d5 e5 15. Ng5 Nc5 16. Qc2 Qh5 17. h4 h6 18. Bf3 Qg6 19. Bxc5 hxg5 20. hxg5 Qxg5 21. Be3 f4 22. Bc1 Bc8 23. Kg2 Bf5 24. e4 fxe3 25. Qe2 e4 26. Rh1+ Kg8 27. Bh5 Nxh5 0-1

[Event "Eger Agria op 40th"]
[Site "Eger"]
[Date "2016.07.21"]
[Round "5"]
[White "Goczo, Melinda"]
[Black "Balogh, Lajos"]
[Result "1-0"]
[WhiteElo "2159"]
[BlackElo "1930"]
[PlyCount "103"]
[EventDate "2016.07.18"]
[EventType "swiss"]
[EventRounds "8"]
[EventCountry "HUN"]
[SourceTitle "EXT 2020"]
[Source "ChessBase"]
[SourceDate "2019.10.17"]
[SourceVersion "1"]
[SourceVersionDate "2019.10.17"]
[SourceQuality "1"]

1. d4 d5 2. c4 c6 3. Nf3 Nf6 4. Nc3 e6 5. Bg5 h6 6. Bxf6 Qxf6 7. Qb3 Nd7 8. e4 dxc4 9. Bxc4 Nb6 10. Be2 Qd8 11. 0-0 Bd6 12. Rfd1 Qe7 13. a4 0-0 14. a5 Nd7 15. e5 Bc7 16. Ne4 Rd8 17. Rdc1 Rb8 18. Bd3 Nf8 19. Qc2 a6 20. Qc3 Bd7 21. Re1 Be8 22. g3 Rd5 23. Bc4 Rdd8 24. b4 Rbc8 25. Nc5 Bb8 26. Nd2 Ng6 27. Nde4 Nf8 28. Rad1 Kh8 29. Qe3 Nh7 30. h4 Nf8 31. Bb3 Nh7 32. Kg2 Rd5 33. Nc3 Ba7 34. Nxd5 cxd5 35. Rc1 Bb5 36. Bc2 Nf8 37. Bd3 Bc6 38. Rc3 Nd7 39. Rec1 Bxc5 40. bxc5 Qd8 41. Ra1 Nf8 42. Kh2 Qe7 43. Rb3 Rc7 44. Rb2 f5 45. exf6 Qxf6 46. f4 Be8 47. Rab1 Bc6 48. Qe5 Qf7 49. Rf1 Re7 50. Qb8 Re8 51. Qd6 Rc8 52. f5 1-0

[Event "Eger Agria op 40th"]
[Site "Eger"]
[Date "2016.07.19"]
[Round "2"]
[White "Balogh, Lajos"]
[Black "Kaposztas, Miklos"]
[Result "0-1"]
[WhiteElo "1930"]
[BlackElo "2135"]
[PlyCount "105"]
[EventDate "2016.07.18"]
[EventType "swiss"]
[EventRounds "8"]
[EventCountry "HUN"]
[SourceTitle "EXT 2020"]
[Source "ChessBase"]
[SourceDate "2019.10.17"]
[SourceVersion "1"]
[SourceVersionDate "2019.10.17"]
[SourceQuality "1"]

1. Nf3 g6 2. c4 Nf6 3. Nc3 Bg7 4. h4 h5 5. Rb1 c6 6. e4 0-0 7. d4 d6 8. Be2 Nbd7 9. Bg5 e5 10. dxe5 dxe5 11. 0-0 Qe7 12. b4 Rd8 13. Qc2 Nf8 14. a4 Bg4 15. b5 Bxf3 16. Bxf3 Ne6 17. Qc1 Nxg5 18. Qxg5 Rd4 19. Be2 Qc5 20. Qe3 Rad8 21. Kh1 Qe7 22. g3 Qe6 23. Kg2 Ng4 24. Qf3 f5 25. exf5 gxf5 26. Nd1 Rd2 27. Re1 f4 28. Nc3 fxg3 29. Qxg3 R8d4 30. bxc6 bxc6 31. Red1 Rxd1 32. Rxd1 Rf4 33. Rd8+ Kf7 34. Nd1 Bf6 35. Rb8 Qe7 36. Qb3 Qc5 37. Rb7+ Be7 38. f3 Nf6 39. Qe3 Ke6 40. Rxa7 Qxe3 41. Rxe7+ Kxe7 42. Nxe3 Ke6 43. a5 Nd7 44. Nc2 Nc5 45. Kg3 Kd6 46. Nb4 Rf8 47. Nd3 Rg8+ 48. Kf2 Ra8 49. Nxc5 Kxc5 50. Ke3 Rxa5 51. Ke4 Ra1 52. Kf5 Kd4 53. f4 0-1

[Event "Budapest Karacsonyi 7th"]
[Site "Budapest"]
[Date "2015.12.30"]
[Round "7"]
[White "Balogh, Lajos"]
[Black "Moricz, Benedek"]
[Result "1-0"]
[WhiteElo "1995"]
[BlackElo "1466"]
[PlyCount "75"]
[EventDate "2015.12.27"]
[EventType "swiss"]
[EventRounds "7"]
[EventCountry "HUN"]
[SourceTitle "CBM 170 Extra"]
[Source "ChessBase"]
[SourceDate "2016.02.25"]
[SourceVersion "1"]
[SourceVersionDate "2016.02.25"]
[SourceQuality "1"]

1. d4 c5 2. d5 e5 3. Nc3 d6 4. e4 Be7 5. f4 exf4 6. Bb5+ Bd7 7. Bxf4 Bxb5 8. Nxb5 a6 9. Nc3 Bg5 10. Nh3 Bxf4 11. Nxf4 Ne7 12. Qg4 0-0 13. 0-0 Nd7 14. Rf2 Ne5 15. Qg3 N7g6 16. b3 Qh4 17. Nxg6 Nxg6 18. Qxd6 Qe7 19. Qg3 Ne5 20. Na4 b5 21. Nxc5 Qxc5 22. Qxe5 Rae8 23. Qf5 Qd4 24. Re1 Re5 25. Qf3 f5 26. c3 Qc5 27. Kf1 fxe4 28. Qxf8+ Qxf8 29. Rxf8+ Kxf8 30. c4 bxc4 31. bxc4 Ke7 32. Rb1 Kd6 33. Rb6+ Kc5 34. Rc6+ Kd4 35. d6 Re6 36. d7 Rxc6 37. d8Q+ Kxc4 38. Ke2 1-0

[Event "Budapest Art Pub Cup 7th"]
[Site "Budapest"]
[Date "2015.03.13"]
[Round "1"]
[White "Csomor, Gabor"]
[Black "Balogh, Lajos"]
[Result "0-1"]
[WhiteElo "1626"]
[BlackElo "1976"]
[PlyCount "54"]
[EventDate "2015.03.13"]
[EventType "swiss"]
[EventRounds "6"]
[EventCountry "HUN"]
[SourceTitle "CBM 165 Extra"]
[Source "ChessBase"]
[SourceDate "2015.04.21"]
[SourceVersion "1"]
[SourceVersionDate "2015.04.21"]
[SourceQuality "1"]

1. c4 e5 2. g3 Nf6 3. Bg2 Nc6 4. Nc3 Bb4 5. Nd5 0-0 6. a3 Bc5 7. b4 Bd4 8. Rb1 a6 9. e3 Ba7 10. Bb2 d6 11. Nxf6+ Qxf6 12. Qf3 Qg6 13. e4 Bg4 14. Qb3 Kh8 15. h3 Be6 16. Qc2 f5 17. b5 Nd4 18. Bxd4 Bxd4 19. Ne2 Bc5 20. a4 f4 21. Qc3 axb5 22. d4 exd4 23. Nxd4 fxg3 24. fxg3 Bxd4 25. Qxd4 Qxg3+ 26. Kd2 Rf2+ 27. Kc1 Qxg2 0-1

[Event "Budapest Karacsonyi op 6th"]
[Site "Budapest"]
[Date "2014.12.29"]
[Round "4"]
[White "Varga, Attila"]
[Black "Balogh, Lajos"]
[Result "1/2-1/2"]
[WhiteElo "1865"]
[BlackElo "1960"]
[PlyCount "90"]
[EventDate "2014.12.27"]
[EventType "swiss"]
[EventRounds "7"]
[EventCountry "HUN"]
[SourceTitle "EXT 2020"]
[Source "ChessBase"]
[SourceDate "2019.10.17"]
[SourceVersion "1"]
[SourceVersionDate "2019.10.17"]
[SourceQuality "1"]

1. e4 e5 2. Nf3 Nc6 3. d3 Nf6 4. Nc3 Bb4 5. Bd2 0-0 6. Be2 Re8 7. 0-0 Bxc3 8. Bxc3 d5 9. exd5 Nxd5 10. Bd2 Qd6 11. Ne1 Bf5 12. Bg4 Bg6 13. Bf3 Rad8 14. g3 f5 15. Bg5 Rd7 16. Ng2 h6 17. Be3 b6 18. Nh4 Bh7 19. Bxd5+ Qxd5 20. Qh5 Qf7 21. Qxf7+ Kxf7 22. f4 e4 23. Ng2 exd3 24. cxd3 Nb4 25. Bd2 Nxd3 26. Bc3 Rd5 27. Ne1 Bg6 28. Rd1 Nxf4 29. Rxd5 Nxd5 30. Bd2 Re2 31. Rf2 Re4 32. Ng2 Ke6 33. Nf4+ Nxf4 34. Bxf4 c5 35. Rd2 Ke7 36. Bb8 a6 37. Rd6 Re6 38. Rxe6+ Kxe6 39. Ba7 Kd5 40. Bxb6 Bf7 41. a3 g5 42. Kf2 h5 43. Ke3 h4 44. Bd8 hxg3 45. hxg3 g4 1/2-1/2

[Event "Budapest Karacsonyi op 6th"]
[Site "Budapest"]
[Date "2014.12.27"]
[Round "1"]
[White "Balogh, Lajos"]
[Black "Czimer, Jozsef"]
[Result "1-0"]
[WhiteElo "1960"]
[BlackElo "1700"]
[PlyCount "59"]
[EventDate "2014.12.27"]
[EventType "swiss"]
[EventRounds "7"]
[EventCountry "HUN"]
[SourceTitle "EXT 2020"]
[Source "ChessBase"]
[SourceDate "2019.10.17"]
[SourceVersion "1"]
[SourceVersionDate "2019.10.17"]
[SourceQuality "1"]

1. c4 Nf6 2. Nc3 e5 3. g3 Bc5 4. Bg2 0-0 5. Nf3 d6 6. 0-0 a6 7. a3 Nc6 8. e3 Bg4 9. Qc2 Qc8 10. b4 Ba7 11. Re1 Bh3 12. Bh1 Bf5 13. d3 Rb8 14. Nh4 Be6 15. Bb2 Ne7 16. Rac1 c6 17. Ne2 Ng4 18. d4 f6 19. c5 dxc5 20. bxc5 g5 21. Nf3 Bf5 22. e4 Be6 23. h3 Nh6 24. dxe5 g4 25. exf6 gxf3 26. fxe7 Rf7 27. Qc3 Rxe7 28. Bxf3 Bxh3 29. Qh8+ Kf7 30. Bh5+ 1-0

[Event "Budapest Karacsonyi op 4th"]
[Site "Budapest"]
[Date "2012.12.29"]
[Round "5"]
[White "Krstulovic, Alex"]
[Black "Balogh, Lajos"]
[Result "0-1"]
[WhiteElo "1845"]
[BlackElo "1989"]
[PlyCount "93"]
[EventDate "2012.12.27"]
[EventType "swiss"]
[EventRounds "7"]
[EventCountry "HUN"]
[SourceTitle "EXT 2014"]
[Source "ChessBase"]
[SourceDate "2013.11.20"]
[SourceVersion "1"]
[SourceVersionDate "2013.11.20"]
[SourceQuality "1"]

1. d4 Nf6 2. c4 g6 3. Nc3 Bg7 4. e4 d6 5. Be2 0-0 6. Bg5 Nc6 7. d5 Ne5 8. Nf3 Ned7 9. 0-0 e5 10. dxe6 fxe6 11. Nd4 Qe7 12. Ncb5 Nc5 13. Nc3 Qf7 14. f3 Nh5 15. f4 Nf6 16. Bxf6 Qxf6 17. Nc2 a6 18. Qd2 b6 19. Rae1 Bb7 20. Bg4 Rae8 21. Qe3 Qh4 22. h3 h5 23. g3 Qd8 24. Bf3 e5 25. f5 gxf5 26. exf5 Bxf3 27. Qxf3 h4 28. g4 Bh6 29. b4 Nd7 30. Ne3 Bf4 31. Ne2 Bg5 32. Nd5 e4 33. Qc3 Ne5 34. Nd4 c6 35. Ne3 Qf6 36. Nd1 c5 37. bxc5 dxc5 38. Ne6 Nf3+ 39. Rxf3 exf3 40. Qxf6 Bxf6 41. Kf2 Bd4+ 42. Kxf3 Rf6 43. Kf4 Rf7 44. Re4 b5 45. cxb5 axb5 46. Ne3 Bc3 47. Nd5 0-1

[Event "Budapest Karacsonyi op 4th"]
[Site "Budapest"]
[Date "2012.12.28"]
[Round "3"]
[White "Mester, Attila"]
[Black "Balogh, Lajos"]
[Result "1-0"]
[WhiteElo "2128"]
[BlackElo "1989"]
[PlyCount "81"]
[EventDate "2012.12.27"]
[EventType "swiss"]
[EventRounds "7"]
[EventCountry "HUN"]
[SourceTitle "EXT 2014"]
[Source "ChessBase"]
[SourceDate "2013.11.20"]
[SourceVersion "1"]
[SourceVersionDate "2013.11.20"]
[SourceQuality "1"]

1. e4 b6 2. d4 e6 3. Bd3 Bb7 4. Nf3 c5 5. c3 Nf6 6. Qe2 Be7 7. 0-0 Qc7 8. Re1 d6 9. Nbd2 Nbd7 10. Nf1 0-0 11. Ng3 Rfe8 12. h3 Bf8 13. Nh2 cxd4 14. cxd4 e5 15. d5 Nc5 16. Bb1 Rac8 17. Bg5 Ba6 18. Qf3 Ncd7 19. Nf5 Qc4 20. a4 Qb4 21. Rd1 Qxb2 22. Ra2 Qc3 23. Be3 Bc4 24. Rc2 Qb4 25. Bd2 Qxa4 26. Rc3 Qa6 27. Re1 b5 28. Bg5 b4 29. Rce3 Rc7 30. Nh6+ gxh6 31. Bxf6 Bg7 32. Bxg7 Kxg7 33. Qf5 Nf8 34. Ng4 Ng6 35. Qf6+ Kf8 36. Nxh6 Ree7 37. h4 Ke8 38. h5 Nf8 39. Rg3 Rc8 40. Rg8 Kd7 41. Nf5 1-0

[Event "HUN-chT2 Toth 0910"]
[Site "Hungary"]
[Date "2009.12.06"]
[Round "3.12"]
[White "Balogh, Lajos"]
[Black "Egyed, Viktoria"]
[Result "0-1"]
[WhiteElo "2028"]
[BlackElo "1501"]
[PlyCount "58"]
[EventDate "2009.11.08"]
[EventType "team-tourn"]
[EventRounds "11"]
[EventCountry "HUN"]
[SourceTitle "EXT 2011"]
[Source "ChessBase"]
[SourceDate "2010.11.26"]
[SourceVersion "1"]
[SourceVersionDate "2010.11.26"]
[SourceQuality "1"]
[WhiteTeam "Szentes Spartacus"]
[BlackTeam "Karcag"]
[WhiteTeamCountry "HUN"]
[BlackTeamCountry "HUN"]

1. e4 c5 2. d3 e6 3. Nf3 a6 4. Nc3 Qc7 5. Be2 Be7 6. 0-0 d6 7. Bg5 Nf6 8. Bxf6 Bxf6 9. Rb1 0-0 10. d4 cxd4 11. Nxd4 b5 12. a4 b4 13. Na2 a5 14. c3 Bb7 15. Bf3 Rd8 16. Rc1 Qb6 17. Nb5 Nc6 18. Rc2 b3 19. Rd2 bxa2 20. Nxd6 Ba6 21. Re1 Bg5 22. Rc2 Ne5 23. Qa1 Rxd6 24. Qxa2 Bd3 25. b3 Bxc2 26. Qxc2 Rd2 27. Qb1 Qxf2+ 28. Kh1 Nxf3 29. gxf3 Qxh2# 0-1

[Event "Eger Agria op"]
[Site "Eger"]
[Date "2009.07.25"]
[Round "6"]
[White "Balogh, Lajos"]
[Black "Szegedi, Zoltan"]
[Result "1-0"]
[WhiteElo "1990"]
[BlackElo "1728"]
[PlyCount "81"]
[EventDate "2009.07.22"]
[EventType "swiss"]
[EventRounds "7"]
[EventCountry "HUN"]
[SourceTitle "EXT 2011"]
[Source "ChessBase"]
[SourceDate "2010.11.26"]
[SourceVersion "1"]
[SourceVersionDate "2010.11.26"]
[SourceQuality "1"]

1. Nf3 d5 2. c4 c6 3. e3 Nf6 4. b3 g6 5. Bb2 Bg7 6. Nc3 Ne4 7. Rc1 0-0 8. Qc2 Nf6 9. d4 Bf5 10. Bd3 Bxd3 11. Qxd3 e6 12. 0-0 Nbd7 13. Rfd1 Re8 14. e4 Nb6 15. e5 Nfd7 16. c5 Nc8 17. Ne2 Ne7 18. Rc3 Bh6 19. Ng3 b5 20. cxb6 axb6 21. a3 b5 22. b4 Nb6 23. Bc1 Bxc1 24. Rdxc1 Nc4 25. h4 Kg7 26. Ng5 Rh8 27. Qf3 Qg8 28. Qf6+ Kf8 29. Nxe6+ Ke8 30. Nc7+ Kd7 31. Nxa8 Qxa8 32. Qxf7 Qf8 33. Rf3 Qxf7 34. Rxf7 Ke6 35. Rf6+ Kd7 36. h5 Ra8 37. Rf7 Rxa3 38. Rxh7 gxh5 39. Nf5 Ke8 40. Rxe7+ Kd8 41. e6 1-0

[Event "Eger Agria op"]
[Site "Eger"]
[Date "2009.07.23"]
[Round "2"]
[White "Balogh, Lajos"]
[Black "Szucs, Zoltan"]
[Result "1-0"]
[WhiteElo "1990"]
[BlackElo "1635"]
[PlyCount "45"]
[EventDate "2009.07.22"]
[EventType "swiss"]
[EventRounds "7"]
[EventCountry "HUN"]
[SourceTitle "EXT 2011"]
[Source "ChessBase"]
[SourceDate "2010.11.26"]
[SourceVersion "1"]
[SourceVersionDate "2010.11.26"]
[SourceQuality "1"]

1. d4 Nf6 2. Bg5 g6 3. Nc3 Bg7 4. e4 d6 5. Qd2 a5 6. f4 0-0 7. e5 dxe5 8. fxe5 Nfd7 9. Nf3 c5 10. 0-0-0 Nc6 11. Bh6 cxd4 12. Bxg7 dxc3 13. Qh6 Qb6 14. bxc3 Nb4 15. Ng5 Nxa2+ 16. Kd2 Qf2+ 17. Be2 Qf4+ 18. Ke1 Qxg5 19. Qxg5 Kxg7 20. Qe3 b6 21. Bc4 Nxc3 22. Qxc3 Kg8 23. e6 1-0

[Event "HUN-ch Seniors"]
[Site "Ajka"]
[Date "2009.06.24"]
[Round "4"]
[White "Balogh, Lajos"]
[Black "Krepsz, Gabor"]
[Result "1-0"]
[WhiteElo "2011"]
[BlackElo "1687"]
[PlyCount "95"]
[EventDate "2009.06.22"]
[EventType "swiss"]
[EventRounds "9"]
[EventCountry "HUN"]
[SourceTitle "EXT 2011"]
[Source "ChessBase"]
[SourceDate "2010.11.26"]
[SourceVersion "1"]
[SourceVersionDate "2010.11.26"]
[SourceQuality "1"]

1. d4 g6 2. e4 Bg7 3. Nc3 d6 4. f4 e6 5. Nf3 h6 6. Bd3 a6 7. Be3 Ne7 8. Qd2 b6 9. 0-0 d5 10. Rae1 c6 11. Ne5 0-0 12. exd5 cxd5 13. Rf3 Nbc6 14. Ne2 Nxe5 15. fxe5 Kh7 16. Rh3 Rh8 17. Bxh6 Kg8 18. Rf1 Nf5 19. Bxf5 exf5 20. Bg5 f6 21. exf6 Bxf6 22. Rxh8+ Kxh8 23. Bxf6+ Qxf6 24. Qh6+ Kg8 25. c3 Ra7 26. Nf4 Qg7 27. Qxg6 Qxg6 28. Nxg6 Rg7 29. Nf4 Kf7 30. Re1 b5 31. Nxd5 Rg4 32. g3 Be6 33. Nf4 Bxa2 34. Ra1 Bc4 35. Rxa6 Rg8 36. Kf2 Re8 37. h4 Kg7 38. Rb6 Ra8 39. b3 Ra2+ 40. Ke3 Bf1 41. d5 Rg2 42. Kd4 Kf7 43. Ke5 Rxg3 44. Rb7+ Ke8 45. d6 Re3+ 46. Kf6 Rxc3 47. Re7+ Kd8 48. Ne6+ 1-0

[Event "Eger Tavasz op"]
[Site "Eger"]
[Date "2009.05.31"]
[Round "4"]
[White "Balogh, Lajos"]
[Black "Pota, Lajos"]
[Result "1-0"]
[WhiteElo "2011"]
[BlackElo "1890"]
[PlyCount "57"]
[EventDate "2009.05.29"]
[EventType "swiss"]
[EventRounds "7"]
[EventCountry "HUN"]
[SourceTitle "EXT 2011"]
[Source "ChessBase"]
[SourceDate "2010.11.26"]
[SourceVersion "1"]
[SourceVersionDate "2010.11.26"]
[SourceQuality "1"]

1. c4 e6 2. g3 d5 3. Bg2 Nf6 4. Nf3 dxc4 5. Qa4+ c6 6. Qxc4 Be7 7. 0-0 0-0 8. Nc3 h6 9. d4 Nbd7 10. b4 Nd5 11. a3 N7b6 12. Qb3 Bf6 13. e4 Nxc3 14. Qxc3 Nd7 15. Bb2 a5 16. Rfd1 axb4 17. axb4 Rxa1 18. Bxa1 Qb6 19. Bf1 Nb8 20. Nd2 Na6 21. Rb1 Rd8 22. e5 Be7 23. Nc4 Qb5 24. Nd6 Qa4 25. b5 Bxd6 26. bxa6 Qa2 27. Rb3 Bb8 28. Ra3 Qd5 29. a7 1-0

[Event "HUN-chT2 Maroczy 0809"]
[Site "Hungary"]
[Date "2009.04.19"]
[Round "11"]
[White "Balogh, Lajos"]
[Black "Kristofori, Attila"]
[Result "0-1"]
[WhiteElo "2044"]
[BlackElo "2012"]
[PlyCount "40"]
[EventDate "2008.10.26"]
[EventType "team-tourn"]
[EventRounds "11"]
[EventCountry "HUN"]
[SourceTitle "EXT 2010"]
[Source "ChessBase"]
[SourceDate "2010.11.25"]
[SourceVersion "1"]
[SourceVersionDate "2010.11.25"]
[SourceQuality "1"]
[WhiteTeam "Matra"]
[BlackTeam "Munkacs"]
[WhiteTeamCountry "HUN"]
[BlackTeamCountry "HUN"]

1. d4 d5 2. c4 c6 3. Nc3 Nf6 4. e3 e6 5. Nf3 Nbd7 6. b3 Bb4 7. Bd2 Bd6 8. Qc2 0-0 9. e4 e5 10. cxd5 cxd5 11. dxe5 Nxe5 12. Nxe5 Bxe5 13. Rd1 Bg4 14. f3 Bh5 15. Bd3 Rc8 16. exd5 Nxd5 17. Bc4 Qh4+ 18. Ke2 Nxc3+ 19. Bxc3 Bxc3 20. Qxc3 b5 0-1

[Event "Eger Tel op"]
[Site "Eger"]
[Date "2009.02.01"]
[Round "7"]
[White "Balogh, Lajos"]
[Black "Dostan, Janos"]
[Result "0-1"]
[WhiteElo "2028"]
[BlackElo "2164"]
[PlyCount "90"]
[EventDate "2009.01.29"]
[EventType "swiss"]
[EventRounds "7"]
[EventCountry "HUN"]
[SourceTitle "EXT 2011"]
[Source "ChessBase"]
[SourceDate "2010.11.26"]
[SourceVersion "1"]
[SourceVersionDate "2010.11.26"]
[SourceQuality "1"]

1. d4 Nf6 2. Bg5 e6 3. Nf3 Be7 4. Nbd2 0-0 5. e4 d6 6. Bd3 Nbd7 7. h4 e5 8. c3 c5 9. d5 a6 10. c4 Rb8 11. Qe2 h6 12. Be3 Ng4 13. Nf1 b5 14. Qc2 Nb6 15. b3 Bd7 16. Bc1 f5 17. exf5 bxc4 18. bxc4 e4 19. Bxe4 Nxc4 20. Qxc4 Rb4 21. Qc2 Bf6 22. Rb1 Rxe4+ 23. Qxe4 Re8 24. Qe6+ Bxe6 25. dxe6 Qa5+ 26. N1d2 c4 27. 0-0 c3 28. Ne4 Qxf5 29. Nxd6 Qxe6 30. Nxe8 Qxe8 31. Re1 Qa4 32. a3 Qc2 33. Be3 Nxe3 34. Rb8+ Kh7 35. fxe3 Qa4 36. e4 Qxa3 37. Rc8 Be7 38. Re2 a5 39. h5 Qc1+ 40. Re1 Qa3 41. Ne5 Qd6 42. Ng6 Bd8 43. Rf1 a4 44. Rf8 Qd1+ 45. Rf1 Bb6+ 0-1

[Event "Eger Tel op"]
[Site "Eger"]
[Date "2009.01.31"]
[Round "5"]
[White "Balogh, Lajos"]
[Black "Sipka, Zoltan"]
[Result "1/2-1/2"]
[WhiteElo "2028"]
[BlackElo "1944"]
[PlyCount "68"]
[EventDate "2009.01.29"]
[EventType "swiss"]
[EventRounds "7"]
[EventCountry "HUN"]
[SourceTitle "EXT 2011"]
[Source "ChessBase"]
[SourceDate "2010.11.26"]
[SourceVersion "1"]
[SourceVersionDate "2010.11.26"]
[SourceQuality "1"]

1. d4 d5 2. c4 e6 3. Nc3 Nf6 4. Nf3 b6 5. Bg5 Be7 6. e3 Bb7 7. Bd3 0-0 8. 0-0 dxc4 9. Bxc4 Nd5 10. Bxe7 Nxe7 11. Qe2 Nd7 12. Rfd1 Nf6 13. e4 c6 14. Rac1 Qc7 15. Bd3 Qf4 16. e5 Nfd5 17. Ne4 Nf5 18. Bb1 Qg4 19. Ng3 Nf4 20. Qf1 Rfd8 21. Bxf5 exf5 22. Rc3 Ne6 23. h3 Qf4 24. Ne2 Qh6 25. Ng3 Qf4 26. Qd3 c5 27. Qxf5 Qxf5 28. Nxf5 Bxf3 29. Rxf3 Nxd4 30. Nxd4 Rxd4 31. Rxd4 cxd4 32. Kf1 Re8 33. Rd3 Rxe5 34. Rxd4 Kf8 1/2-1/2

[Event "Eger Tel op"]
[Site "Eger"]
[Date "2009.01.30"]
[Round "2"]
[White "Hever, Janos"]
[Black "Balogh, Lajos"]
[Result "1/2-1/2"]
[WhiteElo "1841"]
[BlackElo "2028"]
[PlyCount "97"]
[EventDate "2009.01.29"]
[EventType "swiss"]
[EventRounds "7"]
[EventCountry "HUN"]
[SourceTitle "EXT 2011"]
[Source "ChessBase"]
[SourceDate "2010.11.26"]
[SourceVersion "1"]
[SourceVersionDate "2010.11.26"]
[SourceQuality "1"]

1. d4 Nf6 2. Bf4 g6 3. e3 Bg7 4. Bd3 d6 5. h3 0-0 6. Ne2 Nc6 7. c3 e5 8. dxe5 dxe5 9. Bh2 Qe7 10. Qa4 a6 11. 0-0 Be6 12. Qa3 Qd7 13. Bc2 Rad8 14. Kh1 Qc8 15. Rd1 Rxd1+ 16. Bxd1 Rd8 17. Bc2 h5 18. Ng1 Bf8 19. Qa4 b5 20. Qh4 Be7 21. Qg3 Kg7 22. f3 Bc5 23. Qe1 Qd7 24. Bg3 Nd5 25. Bf2 f5 26. a3 f4 27. e4 Ne3 28. Bxe3 Bxe3 29. Kh2 g5 30. b3 Ne7 31. a4 Ng6 32. Na3 Bd2 33. Qd1 Bxc3 34. Qxd7+ Rxd7 35. Rd1 Bb4 36. Rxd7+ Bxd7 37. Nb1 Ne7 38. Ne2 Nc6 39. axb5 axb5 40. Nbc3 Nd4 41. Nxd4 exd4 42. Nd5 Be1 43. Nxc7 Kf6 44. Nd5+ Ke5 45. Kg1 g4 46. hxg4 hxg4 47. Kf1 Ba5 48. Ke2 Be6 49. Ne7 1/2-1/2